01167nam a2200193Ia 4500001001100000003001000011008004100021040002500062041001300087100003200100245003500132250001100167260009200178300002700270500026400297501011400561520026400675650003400939L240-13019IT-CnALBA170116s9999||||xx |||||||||||||| ||und|| aIT-CnALBAcIT-CnALBA aITALIANO aARVISENET CLAUDIO, CANONICO 0aMEMORIALE VITAE SACERDOTALIS.  a1a ed. aCINISELLO BALSAMO (MI)bEDIZIONI PAOLINEc1928 [1° Ed.:1928 - Ed.Ling.Originale: 1928] a361 p. (prefazione: 3) aDONO DEL CHIERICO MAGNANI SSP. BREVE BIOGRAFIA DELL'AUTORE. VOCAZIONE SACERDOZIO. PERFEZIONE. MEZZI POCHI ELETTI. PECCATO DEL SACERDOTE. MORTE GIUDIZIO INFERNO. GLORIA CELESTE. DIVOZIONE A GESÙ CRISTO. ALLA VERGINE MARIA. UMILTÀ FIDUCIA. PUREZZA. PECCATOV aSocietà San Paolo EM - Piazza San Paolo, 14 - 12051 ALBA (CN) (non commercial uses only) ® Copyright 2017 aDONO DEL CHIERICO MAGNANI SSP. BREVE BIOGRAFIA DELL'AUTORE. VOCAZIONE SACERDOZIO. PERFEZIONE. MEZZI POCHI ELETTI. PECCATO DEL SACERDOTE. MORTE GIUDIZIO INFERNO. GLORIA CELESTE. DIVOZIONE A GESÙ CRISTO. ALLA VERGINE MARIA. UMILTÀ FIDUCIA. PUREZZA. PECCATOV aTEOLOGIA SPIRITUALE CRISTIANA